Schaum's outline of theory and problems of Lagrangian dynamics, (Record no. 593981)
[ view plain ]
| 000 -LEADER | |
|---|---|
| fixed length control field | 01155cam a2200289 4500 |
| 001 - CONTROL NUMBER | |
| control field | 1701455 |
| 005 - DATE AND TIME OF LATEST TRANSACTION | |
| control field | 20230321150833.0 |
| 008 - FIXED-LENGTH DATA ELEMENTS--GENERAL INFORMATION | |
| fixed length control field | 680301s1967 nyua 000 0 eng |
| 010 ## - LIBRARY OF CONGRESS CONTROL NUMBER | |
| LC control number | 68000309 |
| 020 ## - INTERNATIONAL STANDARD BOOK NUMBER | |
| International Standard Book Number | 0070692580 |
| 040 ## - CATALOGING SOURCE | |
| Original cataloging agency | DLC |
| Transcribing agency | DLC |
| Modifying agency | DLC |
| 050 00 - LIBRARY OF CONGRESS CALL NUMBER | |
| Classification number | QA845 |
| Item number | .W45 |
| 082 00 - DEWEY DECIMAL CLASSIFICATION NUMBER | |
| Classification number | 531 |
| Author Mark | WEL |
| 100 1# - MAIN ENTRY--PERSONAL NAME | |
| Personal name | Wells, Dare A., |
| Dates associated with a name | 1899- |
| 9 (RLIN) | 110954 |
| 245 10 - TITLE STATEMENT | |
| Title | Schaum's outline of theory and problems of Lagrangian dynamics, |
| Remainder of title | with a treatment of Euler's equations of motion, Hamilton's equations and Hamilton's principle, |
| Statement of responsibility, etc. | by Dare A. Wells. |
| 260 ## - PUBLICATION, DISTRIBUTION, ETC. | |
| Place of publication, distribution, etc. | New York, |
| Name of publisher, distributor, etc. | Schaum Pub. Co. |
| Date of publication, distribution, etc. | [1967] |
| 300 ## - PHYSICAL DESCRIPTION | |
| Extent | 353 p. |
| Other physical details | illus. |
| Dimensions | 28 cm. |
| 490 0# - SERIES STATEMENT | |
| Series statement | Schaum's outline series |
| 650 #0 - SUBJECT ADDED ENTRY--TOPICAL TERM | |
| Topical term or geographic name entry element | Dynamics. |
| 650 #0 - SUBJECT ADDED ENTRY--TOPICAL TERM | |
| Topical term or geographic name entry element | Lagrange equations. |
| 9 (RLIN) | 6046 |
| 740 ## - ADDED ENTRY--UNCONTROLLED RELATED/ANALYTICAL TITLE | |
| Uncontrolled related/analytical title | Lagrangian dynamics. |
| 856 42 - ELECTRONIC LOCATION AND ACCESS | |
| Materials specified | Publisher description |
| Uniform Resource Identifier | <a href="http://www.loc.gov/catdir/description/mh031/68000309.html">http://www.loc.gov/catdir/description/mh031/68000309.html</a> |
| 856 41 - ELECTRONIC LOCATION AND ACCESS | |
| Materials specified | Table of contents |
| Uniform Resource Identifier | <a href="http://www.loc.gov/catdir/toc/mh021/68000309.html">http://www.loc.gov/catdir/toc/mh021/68000309.html</a> |
| 856 42 - ELECTRONIC LOCATION AND ACCESS | |
| Materials specified | Contributor biographical information |
| Uniform Resource Identifier | <a href="http://www.loc.gov/catdir/enhancements/fy1012/68000309-b.html">http://www.loc.gov/catdir/enhancements/fy1012/68000309-b.html</a> |
| 906 ## - LOCAL DATA ELEMENT F, LDF (RLIN) | |
| a | 7 |
| b | cbc |
| c | orignew |
| d | u |
| e | ncip |
| f | 19 |
| g | y-gencatlg |
| 942 ## - ADDED ENTRY ELEMENTS (KOHA) | |
| Source of classification or shelving scheme | |
| Koha item type | Book |
| Withdrawn status | Lost status | Source of classification or shelving scheme | Damaged status | Not for loan | Permanent Location | Current Location | Shelving location | Date acquired | Full call number | Barcode | Date last seen | Price effective from | Koha item type |
|---|---|---|---|---|---|---|---|---|---|---|---|---|---|
| School of Mechanical & Manufacturing Engineering (SMME) | School of Mechanical & Manufacturing Engineering (SMME) | Aerospace Engineering | 03/21/2023 | 531 WEL | SMME-4039 | 03/21/2023 | 03/21/2023 | Book |
